artists nicki minaj has collaborated with - Statistics

General Stats
  • This quiz has been taken 56 times
  • The average score is 51 of 161
Answer Stats
artist songs % Correct
ariana grande get on your knees, bang bang, side to side, the light is coming, bed, bad to you
85%
cardi b motorsport
85%
beyonce flawless, feeling myself
82%
drake best i ever had, bedrock, fuck da bullshit, finale, up all night, moment 4 life, make me proud, champion, only, truffle butter, no frauds, seeing green, papis home, needle
82%
eminem romans revenge, majesty
82%
justin bieber beauty and a beat
82%
alicia keys girl on fire, nobody
76%
david guetta where them girls at, turn me on, hey mama, light my body up, goodbye, if it's okay
76%
doja cat say so
76%
kanye west monster, dark fantasy, blazin, mama, violent crimes, new body (unreleased)
76%
lil wayne bedrock, born stunna, cant stop wont stop, finale, fuck da bullshit, go hard (gotta go hard), get crazy (i get crazy), hands up, romans revenge, high school, roman reloaded, sex in the lounge, dark side of the moon, lay it down, higher than a kite, knockout, lollipop, mercy, my nigga, only, truffle butter, no frauds, seeing green, roger that, senile, sweet dreams, take it to the head, tapout, sunshine, y u mad, changed it, light my body up, star, rich sex, rnb, good form
76%
6ix9ine fefe, mama, trollz
74%
ice spice princess diana, barbie world
74%
jessie j bang bang
74%
migos motorsport
74%
katy perry swish swish
71%
rihanna fly, raining men
71%
dj khaled all i do is win, freaks, i wanna be with you, take it to the head, do you mind, nobody, i cant even lie
65%
lil uzi vert the way life goes, froze, endless fashion, everybody
65%
megan thee stallion hot girl summer
65%
chris brown right by my side, take it to the head, love more, only, all eyes on you, do you mind, wobble up, ftcu sleezemix
62%
jason derulo in my head, swalla, goodbye
62%
bia whole lotta money, super freaky girl queen mix
59%
future tapout, i wanna be with you, do you mind, i cant even lie, you da baddest, transformer, sir, nicki hendrix, press play
59%
jay z monster
59%
madonna give me all your luvin, i dont give a, bitch im madonna
59%
2 chainz beez in the trap, realize, i luv dem strippers, entertainment 2.0, big bank
56%
dababy suge, iphone
56%
lil baby do we have a problem?, bussin
56%
ciara im legit, livin it up, im out
53%
karol g tusa
53%
little mix woman like me
53%
a$ap ferg plain jane, move ya hips, runnin
50%
bebe rexha hey mama, no broken hearts
50%
britney spears till the world ends
50%
bts idol
50%
coi leray blick blick
50%
meek mill big daddy, buy a heart, all eyes on you, bad for you, froze, i b on dat, dope dealer, my nigga
50%
rick ross all i do is win, hello good morning, monster, you the boss, dope dealer, born stunna, i am your leader, i wanna be with you, do you mind, hands up, freaks, take it to the head
50%
big sean dance (a$$), milf, big bank
47%
cassie fuck u silly (unreleased), the boys
47%
mariah carey up out my face
47%
the weeknd thought i knew you, the hills
47%
jeremih favorite, dont hurt me, do you mind
44%
tyga bedrock, muthafucka up, get low, i endorse these strippers, dip, senile
44%
bob out of my mind
41%
flo rida where them girls at, get low
41%
j cole let me calm down
41%
maroon 5 sugar
41%
mia give me all your luvin
41%
quavo she for keeps, bood up
41%
swae lee chun swae, turn yo cap back (cap backwards)
41%
21 savage no flag, krippy kush
38%
billie eilish are you gone already (sample)
38%
jay sean your love remix, 2012 (it aint the end)
38%
jesy nelson boyz
38%
will.i.am check it out
38%
a$ap rocky runnin
35%
dnce kissing strangers
35%
fergie you already know
35%
jt super freaky girl queen mix
35%
kim petras alone
35%
rae sremmurd no flex zone, throw sum mo
35%
sexyyred pound town 2, ftcu sleezemix
35%
travis scott krippy kush, ftcu sleezemix
35%
usher she came to give it to you, lil freak
35%
young thug danny glover, low, throw sum mo, anybody, money, always love you
35%
kesha till the world ends
32%
ludacris my chick bad
32%
major lazer run up, oh my gawd
32%
meghan trainor nice to meet ya
32%
pop smoke welcome to the party
32%
post malone ball for me
32%
avril lavigne dumb blonde
29%
birdman grindin making money, fuck da bullshit, y u mad, born stunna, tapout
29%
christina aguilera woohoo
29%
foxy brown coco chanel
29%
g eazy wobble up
29%
gucci mane failure, slumber party, easy, shopaholic, girls kissing girls, sex in crazy places, mi casa su casa, coca coca, haterade, make love
29%
juice wlrd money, all girls are the same 2, arctic tundra
29%
lourdiz cowgirl
29%
nick jonas bom bidi bom
29%
offset no flag
29%
playboi carti poke it out
29%
sean kingston letting go (dutty love)
29%
trey songz bottoms up, touchin lovin
29%
busta rhymes #twerkit, all i do is win
26%
french montana freaks, new york minute
26%
labrinth majesty
26%
mike will made it black barbies
26%
ty dolla $ign swalla, new body (unreleased), hot girl summer, expensive
26%
yg my nigga, big bank
26%
camron i am your leader
24%
ella mai bood up
24%
nas champion
24%
skylar grey bed of lies
24%
yo gotti coca coca, down in the dm, rake it up, 5 star chick
24%
august alsina no love, do you mind
21%
calvin harris skrt on me
21%
davido if its okay, holy ground
21%
jessie ware the crying game
21%
lil durk slide around, extravagant
21%
lil kim grindin making money
21%
normani bad to you
21%
skilllibeng crocodile teeth, forward from trini
21%
zayn no candle no light
21%
bon iver monster, dark fantasy
18%
chance the rapper slide around, zanies & fools
18%
juicy j clappers, entertainment 2.0, low, milf
18%
pharrell williams haterade, get like me, the light is coming (produced)
18%
aneul aa familia
15%
farruko krippy kush
15%
lloyd bedrock
15%
murda beatz fefe, fendi
15%
skeng likkle miss, forward from trini
15%
beenie man gun shot
12%
madeintyo move ya hips
12%
mario somebody else
12%
natasha bedingfield last chance
12%
nelly get like me
12%
robin thicke shakin it 4 daddy, back together
12%
sean paul entertainment 2.0
12%
tay keith pound town 2 (produced/credited)
12%
the lonely island the creep
12%
trina 5 star chick, sex in crazy places, dang a lang, baps,
12%
youngboy never broke again wtf, i admit
12%
bobby v shopaholic, sex in crazy places, sex in the lounge
9%
carly rae jepsen tonight i'm getting over you
9%
elton john always love you
9%
fetty wap like a star
9%
lunchmoney lewis trini dem girls
9%
pnb rock fendi
9%
ptaf boss ass bitch
9%
rvssian krippy kush
9%
sada baby whole lotta choppas
9%
sean garrett get it all, massive attack
9%
tasha cobbs leonard blessings, im getting ready
9%
tate kobang rnb
9%
wiz khalifa true colors
9%
brinx i endorse these strippers
6%
dj mustard dont hurt me
6%
lil herb chiraq
6%
mack maine tapout
6%
wacka flocka flame coca coca, get low
6%
wale clappers
6%
bantu familia
3%
cory gunz lay it down
3%
jeezy champion
3%
jeffree star lollipop luxury
3%
mr eazi oh my gawd
3%
parker ighile hell yeah, remember me
3%
pearl future lookin at me
3%
pusha t no flex zone
3%
rocko easy, coca coca
3%
enur ucci ucci
0%
fabolous all i do is win, doin it well, i b on dat
0%
fat joe all i do is win
0%
jadakiss doin it well, all i do is win, new york minute, she likes me
0%
keyisha cole i aint thru, love me enough
0%
oj da juiceman coca coca
0%
romeo santos animales
0%
No matching quizzes found
Score Distribution
Percent of People with Each Score
Percentile by Number Answered
Your Score History
You have not taken this quiz